Science Quiz

Random Science or Computer Quiz

Java Keywords Quiz Stats

 Plays Quiz Updated Apr 30, 2019

Score 0/50 Timer 05:00
1 Play Today
% Correct
int
89.7%
do
84%
public
83.4%
while
83.1%
if
81.6%
for
81.5%
private
80.9%
double
78.9%
class
77.2%
static
75.5%
void
73.7%
boolean
72.9%
float
72.7%
else
72.4%
char
70.9%
long
70.4%
protected
69.5%
final
66.9%
abstract
62.8%
byte
61.8%
catch
61.3%
extends
60.4%
switch
59.4%
break
59.4%
interface
59.3%
% Correct
short
58.9%
try
58.4%
implements
58.4%
case
57.8%
import
57%
return
56.9%
new
53.6%
throw
52.8%
finally
49.9%
package
48.6%
continue
47.8%
goto
45.6%
throws
44.7%
volatile
43.7%
enum
43.6%
default
43.2%
this
41.9%
native
41.4%
synchronized
40%
super
39.9%
assert
39.5%
const
38.5%
instanceof
38.1%
transient
34%
strictfp
30.3%

You're not logged in!

Compare scores with friends on all Sporcle quizzes.
OR
Log In

Sporcle TV

Today on Sporcle TV


Watch our educational content, quiz creation guides, and fun videos on Sporcle TV.

Show Comments

Extras

Top Quizzes Today


Score Distribution

Your Account Isn't Verified!

In order to create a playlist on Sporcle, you need to verify the email address you used during registration. Go to your Sporcle Settings to finish the process.

Report this User

Report this user for behavior that violates our Community Guidelines.

Details: